Commerce & consumer report 2005.
| Corporate Author: | |
|---|---|
| Format: | Book |
| Published: |
Putrajaya:
KPDNHEP,
2006.
|
| Subjects: |
| LEADER | 00466cam a2200157 7i4500 | ||
|---|---|---|---|
| 001 | 0000018539 | ||
| 005 | 20061016090000.0 | ||
| 090 | 0 | 0 | |a M 650 |b MIN |
| 110 | 2 | 0 | |a Ministry of Domestic Trade and Consumer Affairs |
| 245 | 2 | 0 | |a Commerce & consumer report 2005. |
| 260 | 0 | 0 | |a Putrajaya: |b KPDNHEP, |c 2006. |
| 300 | # | # | |a 125 p. |
| 650 | 0 | 0 | |a Business -- |z Malaysia |
| 650 | 0 | 0 | |a Consumer -- |z Malaysia |
| 651 | 0 | 0 | |a Malaysia |
| 999 | |a 0000019183 |b Book |c Malaysia |e Business Information Centre | ||